| 000 | 01978cam a22004574i 4500 | ||
|---|---|---|---|
| 003 | PE-LiUPU | ||
| 005 | 20250731172951.0 | ||
| 008 | 150623s1996 miu rb 000 0 eng d | ||
| 020 | _a0801020921 | ||
| 035 | _a(Sirsi) i9780801020926 | ||
| 040 |
_aPE-LiUPU _bspa _cPE-LiUPU _erda |
||
| 049 | _aPRUA | ||
| 082 | 0 | 4 |
_a227.707 _bA75 _221 |
| 100 | 1 |
_aArnold, Clinton E., _eautor. |
|
| 245 | 1 | 4 |
_aThe Colossian syncretism : _bthe interface betwee Christianity and folk belief at colossae / _cClinton E. Arnold. |
| 264 | 1 |
_aMichigan : _bBaker Books, _c1996. |
|
| 300 |
_a378 páginas ; _c23 centímetros |
||
| 336 |
_atext _2rdacontent |
||
| 337 |
_aunmediated _2rdamedia |
||
| 338 |
_avolume _2rdacarrier |
||
| 504 | _aIncluye bibliografía. | ||
| 505 | 0 | _aThe "worship of angels": the veneration of angels in magic -- The veneration of angels in Judaism -- The local veneration of angels -- The veneration of angels at Colossae -- Reconstructing the Colossian "Philosophy" -- Hostile powers: the problem of the Stoicheia -- "wisdom", "philosophy", and ascetic behavior -- Toward a reconstruction of "the philosophy" -- The contextualized theology of Colossians: The theological response to the situation. | |
| 526 | _aSEG42 | ||
| 526 | _aSEG41 | ||
| 526 | _aSEG40 | ||
| 526 | _aSEG39 | ||
| 526 | _aP94 | ||
| 526 | _aP87 | ||
| 526 | _aP86 | ||
| 526 | _aP85 | ||
| 526 | _aP77 | ||
| 526 | _aP76 | ||
| 526 | _aP35 | ||
| 630 |
_aBiblia. _pN.T. _pColosenses _xCrítica, interpretación, etc. |
||
| 942 |
_2ddc _cBOOK |
||
| 949 |
_a227.707 A75 _wDEWEY _c1 _i44988 _lCCODEBUL1 _mBUL _r0 _sY _tBOOK _u2015-6-24 _xTEOLOGIA _PP35 _0COMPRA _o.STAFF. Colección General |
||
| 994 |
_aC0 _bPEPRU |
||
| 596 | _a1 | ||
| 999 |
_a227.707 A75 _wDEWEY _c21864 _i44988 _e2017-3-10 _f2021-11-9 _g5 _lCCODEBUL1 _mBUL _n1 _p18.00 _r0 _sY _tBOOK _u2015-6-24 _xTEOLOGIA _PP35 _0COMPRA _o.STAFF. Colección Teología _d21864 |
||
| 980 |
_81 _gALBERTO SANCHEZ Responsable de Automatización |
||